000 00625nam a2200193 i 4500
001 78472
003 ES-MaACL
005 20240301063050.0
007 t|
008 041014s1973 sp ||||1| spa d
100 0 _aHarnecker, Marta,
_d1937-2019
_961867
245 1 4 _aLos conceptos elementales del materialismo histórico /
_cpor Marta Harnecker ; presentación por Luis Althusser.
250 _a[20ª ed.].
260 _a[Madrid] :
_bSiglo Veintiuno,
_c[1973]
300 _aXVI, 341 p. ;
_c18 cm.
700 1 _aAlthusser, Louis.
_920538
852 _aES-MaACL
_jA-8970
_bR.98285
999 _c78472
_d78472